Statistiques concernant La Filmographie de M. Night Shyamalan

Cliquez ici pour prendre le quiz!

Statistiques générales

  • Ce quiz a été pris 73 fois
  • Le résultat moyen est 8 sur 14

Statistiques - réponses

DateTitre% Correct
2000Incassable
93%
1999Sixième Sens
90%
2004Le Village
79%
2017Split
79%
2019Glass
77%
2002Signes
70%
2021Old
66%
2010Le Dernier Maître de l'air
51%
2013After Earth
43%
2008Phénomènes
43%
2015The Visit
43%
2006La Jeune Fille de l'eau
39%
1992
Praying with Anger
15%
1998
Éveil à la vie
11%

Distribution des résultats

Percentile par nombre de réponses

% des personnes avec chaque résultat

Votre développement - résultats

Vous n’avez pas pris ce quiz